Coupled atmosphere-ocean dynamics : from El Nino to climate change /

Bibliographic Details
Main Author: Xie, Shang-Ping (Author)
Corporate Author: ScienceDirect (Online service)
Format: eBook
Language:English
Published: Amsterdam : Elsevier, [2024]
Subjects:
Online Access:Connect to the full text of this electronic book

MARC

Tag First Indicator Second Indicator Subfields
LEADER 00000cam a2200000 i 4500
001 in00005771349
005 20260327173934.4
006 m o d
007 cr |||||||||||
008 221129t20242024ne ob 001 0 eng d
040 |a UKMGB  |b eng  |e rda  |e pn  |c UKMGB  |d UKAHL  |d OPELS  |d OCLCF  |d CUS  |d OCLCQ  |d YDX  |d OCLCO  |d SXB  |d OCLCQ  |d OCLCL 
015 |a GBC2M0471  |2 bnb 
016 7 |a 020833398  |2 Uk 
019 |a 1371483122 
020 |a 9780323954914  |q (ePub ebook) 
020 |a 032395491X  |q (ePub ebook) 
020 |z 9780323954907  |q (paperback) 
020 |z 0323954901 
035 |a (OCoLC)1359608394  |z (OCoLC)1371483122 
037 |a 9780323954914  |b Ingram Content Group 
050 4 |a GC190.2 
082 0 4 |a 551.5246  |2 23 
049 |a TXAM 
100 1 |a Xie, Shang-Ping,  |e author  |1 https://isni.org/isni/0000000384037216 
245 1 0 |a Coupled atmosphere-ocean dynamics :  |b from El Nino to climate change /  |c Shang-Ping Xie. 
264 1 |a Amsterdam :  |b Elsevier,  |c [2024] 
264 4 |c ©2024 
300 |a 1 online resource 
336 |a text  |b txt  |2 rdacontent 
337 |a computer  |b c  |2 rdamedia 
338 |a online resource  |b cr  |2 rdacarrier 
505 0 |a Introduction -- Energy balance and transport -- Tropical convection and planetary-scale circulation -- The Madden-Julian Oscillation -- Summer monsoons -- Subtropical climate: Trade winds and low clouds -- Equatorial Oceanography -- Coupled feedbacks and structures of tropical climatology -- El Nino/Southern Oscillation and the global influence -- Tropical Atlantic Variability -- Indian Ocean variability -- Extratropical ocean-atmosphere interactions and the influence on the tropics -- Global warming: Thermodynamic effects -- Dynamics of Regional climate change. 
504 |a Includes bibliographical references and index. 
588 0 |a Online resource; title from PDF title page (ScienceDirect, viewed October 10, 2023). 
650 0 |a Ocean-atmosphere interaction. 
650 0 |a Climatic changes. 
650 6 |a Interaction mer-atmosphère. 
650 6 |a Climat  |x Changements. 
650 7 |a climate change.  |2 aat 
650 7 |a Climatic changes  |2 fast 
650 7 |a Ocean-atmosphere interaction  |2 fast 
655 7 |a Electronic books.  |2 local 
710 2 |a ScienceDirect (Online service) 
776 0 8 |i Print vesion :  |a Xie, Shang-Ping.  |t Coupled atmosphere-ocean dynamics.  |d Amsterdam : Elsevier, [2024]  |z 9780323954907  |w (OCoLC)1374613721 
856 4 0 |u http://proxy.library.tamu.edu/login?url=https://www.sciencedirect.com/science/book/9780323954907  |z Connect to the full text of this electronic book  |t 0 
955 |a Elsevier ScienceDirect 2026-2027 
994 |a 92  |b TXA 
999 f f |i 858db45b-a3a6-4aeb-a9bc-dd3780c9f0eb  |s c019a2c3-82ae-44b7-9417-6c0d4083a273  |t 0 
952 f f |a Texas A&M University  |b College Station  |c Electronic Resources  |s www_evans  |d Available Online  |t 0  |e GC190.2   |h Library of Congress classification 
998 f f |a GC190.2   |t 0  |l Available Online